[Event "Gelsenkirchen Silvester op 4th"]
[Site "Gelsenkirchen"]
[Date "2016.12.27"]
[Round "1"]
[White "Zamhoefer, Luca"]
[Black "Lechtenboehmer, Nico"]
[Result "1-0"]
[WhiteElo "1289"]
[BlackElo "1139"]
[PlyCount "47"]
[EventDate "2016.12.27"]
[EventType "swiss"]
[EventRounds "5"]
[EventCountry "GER"]
[SourceTitle "EXT 2019"]
[Source "ChessBase"]
[SourceDate "2018.10.10"]
[SourceVersion "1"]
[SourceVersionDate "2018.10.10"]
[SourceQuality "1"]

1. e4 e6 2. b3 d5 3. Bb2 c5 4. exd5 exd5 5. Bd3 Nf6 6. Qe2+ Qe7 7. Nc3 Nc6 8. 0-0-0 Qxe2 9. Ngxe2 Be7 10. Nf4 Be6 11. Rhe1 Kd7 12. Re2 c4 13. bxc4 dxc4 14. Be4 Nd4 15. Ree1 Ng4 16. Rf1 Bf5 17. Bxb7 Rab8 18. Be4 g5 19. Bxf5+ Nxf5 20. h3 Nf6 21. Nfd5 Nxd5 22. Nxd5 Rhe8 23. Rfe1 Bc5 24. Nf6+ 1-0